| 000 | 00422cam a2200169ua 4500 | ||
|---|---|---|---|
| 003 | OSt | ||
| 008 | 250506b |||||||| |||| 00| 0 eng d | ||
| 041 | _aeng | ||
| 082 |
_a624.1517 _bCUR/CO |
||
| 100 |
_aCuttin, W G . _97457 |
||
| 245 | _aConcise practical surveying / | ||
| 250 | _a1 / | ||
| 260 |
_aLondon : _bEnglish Universities Press , _c1961. |
||
| 300 | _a174 ; . | ||
| 700 | 1 |
_aLone, R F . _97458 |
|
| 942 | _cBK | ||
| 999 |
_c9373 _d9373 |
||